000 00958cam a2200277 i 4500
001 831052
003 EG-ScBUE
005 20250731103824.0
008 770729s1977 maua g b 001 0 eng d
020 _a0805386017
040 _aDLC
_beng
_erda
_cDLC
_dDLC
_dEG-ScBUE
082 0 4 _a539.7
_bSEG
_222
100 1 _aSegre, Emilio,
_eauthor.
_97049
245 1 0 _aNuclei and particles :
_ban introduction to nuclear and subnuclear physics /
_cEmilio Segre.
250 _aSecond edition,
_bcompletely revised, reset, enlarged.
264 1 _aReading, Mass. :
_bW. A. Benjamin,
_c1977.
300 _axx, 966 pages :
_billustrations ;
_c24 cm
336 _2rdacontent
_atext
_btxt
337 _aunmediated
_2rdamedia
_bn
338 _avolume
_bnc
_2rdacarrier
504 _aIncludes bibliographical references and index.
650 7 _aNuclear physics.
_2BUEsh
_97050
650 7 _aParticles (Nuclear physics)
_2BUEsh
_97051
655 _vReading book
942 _2ddc
_cBB
999 _c12063
_d12063